000 00495nam a2200169Ia 4500
999 _c116
_d116
003 OSt
005 20210915123023.0
008 190216s9999||||xx |||||||||||||| ||und||
040 _coclc
082 _a297
_bALI/N
100 _a Ali Nadvi, Abdul Hasan
_98724
245 0 _aAl Nuboovathul Ambiyaul Rizanil Qur`An /
_cAbdul Hasan Ali Nadvi
260 _bAl Mathbahathul Kaslookiya,
_aByroot:
300 _a154p
650 _aArabic
942 _cBK
_2ddc
_h297
_iALI/N
_k297
_mALI/N